<?xml version="1.0" encoding="UTF-8"?>
<record
    xmlns:xsi="http://www.w3.org/2001/XMLSchema-instance"
    xsi:schemaLocation="http://www.loc.gov/MARC21/slim http://www.loc.gov/standards/marcxml/schema/MARC21slim.xsd"
    xmlns="http://www.loc.gov/MARC21/slim">

  <leader>00342nam a2200133Ia 4500</leader>
  <controlfield tag="008">191201s1997    xx            000 0 und d</controlfield>
  <datafield tag="082" ind1=" " ind2=" ">
    <subfield code="a">677</subfield>
    <subfield code="b">JAM</subfield>
  </datafield>
  <datafield tag="100" ind1=" " ind2=" ">
    <subfield code="a">JAYAPARKASM, S</subfield>
  </datafield>
  <datafield tag="245" ind1=" " ind2="0">
    <subfield code="a">Managing Quality for Growth in Textiles</subfield>
  </datafield>
  <datafield tag="260" ind1=" " ind2=" ">
    <subfield code="a">N.Delhi</subfield>
    <subfield code="b">The Textile Association</subfield>
    <subfield code="c">1997</subfield>
  </datafield>
  <datafield tag="300" ind1=" " ind2=" ">
    <subfield code="a">-</subfield>
  </datafield>
  <datafield tag="650" ind1=" " ind2=" ">
    <subfield code="a">B.Tech(TE)</subfield>
  </datafield>
  <datafield tag="942" ind1=" " ind2=" ">
    <subfield code="2">ddc</subfield>
    <subfield code="c">BK</subfield>
  </datafield>
  <datafield tag="999" ind1=" " ind2=" ">
    <subfield code="c">2272</subfield>
    <subfield code="d">2272</subfield>
  </datafield>
  <datafield tag="952" ind1=" " ind2=" ">
    <subfield code="0">0</subfield>
    <subfield code="1">0</subfield>
    <subfield code="2">ddc</subfield>
    <subfield code="4">0</subfield>
    <subfield code="7">0</subfield>
    <subfield code="8">BTECHTE</subfield>
    <subfield code="a">PIET</subfield>
    <subfield code="b">PIET</subfield>
    <subfield code="d">2006-08-26</subfield>
    <subfield code="e">Abhishek Publications</subfield>
    <subfield code="g">300.00</subfield>
    <subfield code="k">8030</subfield>
    <subfield code="l">0</subfield>
    <subfield code="o">677 JAM</subfield>
    <subfield code="p">4611</subfield>
    <subfield code="r">2019-12-04 00:00:00</subfield>
    <subfield code="w">2006-02-27</subfield>
    <subfield code="y">BK</subfield>
  </datafield>
  <datafield tag="952" ind1=" " ind2=" ">
    <subfield code="0">0</subfield>
    <subfield code="1">0</subfield>
    <subfield code="2">ddc</subfield>
    <subfield code="4">0</subfield>
    <subfield code="7">0</subfield>
    <subfield code="8">BTECHTE</subfield>
    <subfield code="a">PIET</subfield>
    <subfield code="b">PIET</subfield>
    <subfield code="d">2006-08-26</subfield>
    <subfield code="e">Abhishek Publications</subfield>
    <subfield code="g">300.00</subfield>
    <subfield code="k">8030</subfield>
    <subfield code="l">0</subfield>
    <subfield code="o">677 JAM</subfield>
    <subfield code="p">4612</subfield>
    <subfield code="r">2019-12-04 00:00:00</subfield>
    <subfield code="w">2006-02-27</subfield>
    <subfield code="y">BK</subfield>
  </datafield>
  <datafield tag="952" ind1=" " ind2=" ">
    <subfield code="0">0</subfield>
    <subfield code="1">0</subfield>
    <subfield code="2">ddc</subfield>
    <subfield code="4">0</subfield>
    <subfield code="7">0</subfield>
    <subfield code="8">BTECHTE</subfield>
    <subfield code="a">PIET</subfield>
    <subfield code="b">PIET</subfield>
    <subfield code="d">2006-08-26</subfield>
    <subfield code="e">Abhishek Publications</subfield>
    <subfield code="g">300.00</subfield>
    <subfield code="k">8030</subfield>
    <subfield code="l">0</subfield>
    <subfield code="o">677 JAM</subfield>
    <subfield code="p">4613</subfield>
    <subfield code="r">2019-12-04 00:00:00</subfield>
    <subfield code="w">2006-02-27</subfield>
    <subfield code="y">BK</subfield>
  </datafield>
  <datafield tag="952" ind1=" " ind2=" ">
    <subfield code="0">0</subfield>
    <subfield code="1">0</subfield>
    <subfield code="2">ddc</subfield>
    <subfield code="4">0</subfield>
    <subfield code="7">0</subfield>
    <subfield code="8">BTECHTE</subfield>
    <subfield code="a">PIET</subfield>
    <subfield code="b">PIET</subfield>
    <subfield code="d">2006-08-26</subfield>
    <subfield code="e">Abhishek Publications</subfield>
    <subfield code="g">300.00</subfield>
    <subfield code="k">8030</subfield>
    <subfield code="l">0</subfield>
    <subfield code="o">677 JAM</subfield>
    <subfield code="p">4614</subfield>
    <subfield code="r">2019-12-04 00:00:00</subfield>
    <subfield code="w">2006-02-27</subfield>
    <subfield code="y">BK</subfield>
  </datafield>
  <datafield tag="952" ind1=" " ind2=" ">
    <subfield code="0">0</subfield>
    <subfield code="1">0</subfield>
    <subfield code="2">ddc</subfield>
    <subfield code="4">0</subfield>
    <subfield code="7">0</subfield>
    <subfield code="8">BTECHTE</subfield>
    <subfield code="a">PIET</subfield>
    <subfield code="b">PIET</subfield>
    <subfield code="d">2006-08-26</subfield>
    <subfield code="e">Abhishek Publications</subfield>
    <subfield code="g">300.00</subfield>
    <subfield code="k">8030</subfield>
    <subfield code="l">0</subfield>
    <subfield code="o">677 JAM</subfield>
    <subfield code="p">4615</subfield>
    <subfield code="r">2019-12-04 00:00:00</subfield>
    <subfield code="w">2006-02-27</subfield>
    <subfield code="y">BK</subfield>
  </datafield>
</record>
